| 000 | 00805nam a2200253 i 4500 | ||
|---|---|---|---|
| 001 | bg | ||
| 100 | 1 | _aFISCHER, Bogdan | |
| 245 | 1 | 0 |
_aWzory umów w prawie komputerowym. / _cBogdan Fischer, Michał Skruch, Paweł Szewczyk _nCz. 1. |
| 260 |
_aKraków : _b"Zakamycze", _c2000. |
||
| 300 |
_a117, [1] s. ; _c24 cm. |
||
| 650 | 9 |
_aPrawo komputerowe _zPolska _ystan na 2001 r. |
|
| 650 | 9 |
_aUmowa _zPolska _ystan na 2001 r. |
|
| 655 | _aTablice i wzory | ||
| 700 | 1 | _aSKRUCH, Michał | |
| 700 | 1 | _aSZEWCZYK, Paweł | |
| 020 | _a8388114654 | ||
| 040 | _cBPK | ||
| 041 | 0 | _apl | |
| 080 | _a347.77/.78:347.45/.46:004](438)(083) | ||
| 920 | _a83-88114-65-4 | ||
| 942 | _cKS | ||
| 008 | s pl f |000 0 pol | ||
| 999 |
_c39948 _d39948 |
||
| 856 |
_uhttp://koha.tu.koszalin.pl/cgi-bin/koha/opac-detail.pl?biblionumber=39948 _yKatalog online BPK |
||